The first 25 digits of √2 - Whammies - Statistics

General Stats
  • This quiz has been taken 11 times
  • The average score is 7 of 25
Answer Stats
Answer % Correct
1.
100%
1
70%
4
70%
4
60%
2
50%
0
30%
1
30%
2
30%
3
30%
3
30%
3
30%
5
30%
6
30%
7
30%
9
30%
5
20%
0
10%
4
10%
8
10%
8
10%
0
0%
1
0%
6
0%
8
0%
8...
0%
No matching quizzes found
Score Distribution
Percent of People with Each Score
Percentile by Number Answered
Your Score History
You have not taken this quiz